| 000 | 00612nam a2200229Ia 4500 | ||
|---|---|---|---|
| 003 | OSt | ||
| 005 | 20250212134751.0 | ||
| 008 | 210210b1950 xxu||||| |||| 00| 0 eng d | ||
| 040 | _cAL | ||
| 041 | _ahin | ||
| 082 | _a862/61 | ||
| 100 |
_aKALELKAR (Kaka) _9199396 |
||
| 110 |
_bकालेलकर काका _9199397 |
||
| 245 |
_aJeevan sahitya I: _bजीवन साहित्य १ |
||
| 260 |
_aDilli _bSasta Sahity Mandal _c1950 |
||
| 650 |
_asahitya _9199398 |
||
| 650 |
_aJeevan _9199399 |
||
| 650 |
_aI _9199400 |
||
| 690 |
_aHindi Prose _9199401 |
||
| 906 | _a023306 | ||
| 942 |
_2ddc _cBK |
||
| 999 |
_c148266 _d148266 |
||